Kis szegedi munkásmozgalom-történet XII.

Elmentve itt :
Bibliográfiai részletek
Dokumentumtípus: Cikk
Megjelent: 1969
Sorozat:Tiszatáj 23 No. 11
Kulcsszavak:Gazdasági élet - Magyarország - 1929-1933 - regionális, Munkásmozgalom - Szeged - 1929-1933, Belpolitika - Magyarország - 1929-1933
Online Access:http://tiszataj.bibl.u-szeged.hu/6141
LEADER 00661nab a2200169 i 4500
001 tisza6141
005 20200330130918.0
008 170515s1969 hu o 0|| hun d
022 |a 0133-1167 
040 |a SZTE Tiszatáj Archívum  |b hun 
041 |a hun 
245 0 0 |a Kis szegedi munkásmozgalom-történet   |h [elektronikus dokumentum] :  |b XII. 
260 |c 1969 
300 |a 1049-1050 
490 0 |a Tiszatáj  |v 23 No. 11 
695 |a Gazdasági élet - Magyarország - 1929-1933 - regionális, Munkásmozgalom - Szeged - 1929-1933, Belpolitika - Magyarország - 1929-1933 
856 4 0 |u http://tiszataj.bibl.u-szeged.hu/6141/1/tiszataj_1969_011_1049-1050.pdf  |z Dokumentum-elérés